000 01009nas a2200277 4500
001 BR2011004987
003 BR-BrBNA
005 20231205115551.0
007 ta
008 230509b bl.|||p| |||| 00| 00por d
040 _aBR-BrBNA
_bpor
_cBiblioteca Nacional de Agricultura
041 _a(Pt)
072 _aF70
100 1 _aSilva, S.S.L.
100 1 _aZickel, C.S.
100 1 _aCestaro, L.A.
245 1 _aFlora vascular e perfil fisionômico de uma restinga no litoral sul de Pernambuco, Brasil
246 1 _aVascular flora and physiognomic profile of an area of restinga vegetation along the southern coast of Pernambuco State, Brazil
650 _aRESTINGA
650 _aVEGETAÇÃO
650 _aLEVANTAMENTO
773 0 _tActa Botanica Brasilica (Brazil)
_xISSN 0102-3306
_g(Oct-Dec 2008), v. 22(4) p. 1123-1135
_wBR2011004987
856 4 _uhttp://www.scielo.br/pdf/abb/v22n4/a23v22n4.pdf
_yRecurso eletrônico (PDF)
909 _a202311
_bLúcia
_c55
_dLúcia Elande
942 _2AGRIS
_n0
_cANA
999 _c214496
_d214496